| 000 | 00425 a2200145 4500 | ||
|---|---|---|---|
| 001 | 155501 | ||
| 040 | _cEscola São Tomás de Aquino | ||
| 100 | _aSIQUEIRA, Antonio Juraci | ||
| 240 | 1 | 0 |
_aAumentei, mas não pedi _lpor |
| 245 | 1 | 0 | _aAumentei, mas não pedi |
| 300 | _a36 | ||
| 440 | 1 | _aPaulinas | |
| 697 | _aLiteratura de cordel Livros de bolso ou folhetos com histórias e músicas populares | ||
| 942 | _cBK | ||
| 999 |
_c155501 _d155501 |
||